000 00436nam a2200181Ia 4500
001 4797
005 20260306145821.0
008 260306t2006||||xx |||||||||||||| ||spa||
041 _aESP
082 _a330.1
_bS81
100 _aStiglitz, Joseph E.
_eAUT
245 0 _aCómo hacer que funcione la globalización
260 _c2006
300 _a433 páginas :
_c24 cm.
650 _aGEN
654 _aCAN
942 _cLIB
_dJUS
_fJUS
_2ddc
_n
999 _c4797
_d4797